000 00343nam a22001457a 4500
003 OSt
005 20240403123726.0
008 240403b |||||||| |||| 00| 0 eng d
040 _cCentral Library MRSPTU
100 _aM.J.Antony
245 _aConsumer Rights
260 _aDelhi
_bHind Pocket Books
_c1990
300 _a126
942 _2ddc
_cBK
_n0
999 _c9968
_d9968